000
00295nam a2200133Ia 4500
100
_a
Townsend / carl
942
_c
BK
245
_a
Quick Reference PC Tools Deluxe
260
_b
Microsoft Press
_a
Washington
_c
1990
082
_a
1.6404
_b
TOW
300
_a
150
546
_a
ENGLISH
999
_c
29919
_d
29919